[Event "2. Bundesliga West 2012/13"]
[Site "Salzburg"]
[Date "2013.03.08"]
[Round "9"]
[Board "6"]
[White "Hicker, Harald"]
[Black "Csrnko, Werner"]
[Result "1-0"]
[WhiteElo "2107"]
[BlackElo "1934"]
[PlyCount "115"]
[EventDate "2012.10.05"]
[EventType "team"]
[EventRounds "11"]
[EventCountry "AUT"]
[WhiteTeam "Mozart-Wals-Treuhand"]
[BlackTeam "Zillertal"]

1. d4 g6 2. c4 Nf6 3. Nc3 Bg7 4. e4 d6 5. Nf3 c6 6. Be2 Bg4 
7. O-O O-O 8. h3 Bxf3 9. Bxf3 Nbd7 10. Be3 h6 11. Qc2 e5 12. d5 c5 
13. a3 Ne8 14. Qd2 Kh7 15. Be2 f5 16. exf5 gxf5 17. f4 Qf6 18. Kh2 Nc7 
19. Rae1 Qe7 20. g4 exf4 21. Bxf4 Ne5 22. Bd3 Qh4 23. Bxf5+ Kh8 24. Bg3 Qe7 
25. Qe2 Rae8 26. Ne4 Qd8 27. Kg2 Nf7 28. Qd2 Ne5 29. b3 a6 30. Nxc5 Nxc4 
31. bxc4 dxc5 32. d6 b5 33. Qc1 Na8 34. cxb5 axb5 35. Qxc5 Nb6 36. Qxb5 Qa8+ 
37. Kh2 Rb8 38. d7 Nxd7 39. Bxb8 Rxb8 40. Qd3 Rb2+ 41. Re2 Be5+ 42. Kg1 Qa7+ 
43. Rff2 Rxe2 44. Qxe2 Qxa3 45. Rf3 Qa1+ 46. Kg2 Nf6 47. Qd2 Kg7 48. Bc2 Qb2 
49. Qd3 Bd4 50. Qg6+ Kf8 51. Qxh6+ Ke7 52. Qg6 Kd6 53. g5 Qc1 54. Rxf6+ Kc5 
55. Qf5+ Kb4 56. Re6 Qg1+ 57. Kf3 Qf2+ 58. Kg4 1-0

[Event "2. Bundesliga West 2012/13"]
[Site "Salzburg"]
[Date "2013.03.08"]
[Round "9"]
[Board "1"]
[White "Westermeier, Arnulf"]
[Black "Medvegy, Zoltan"]
[Result "0-1"]
[WhiteElo "2268"]
[BlackElo "2555"]
[PlyCount "70"]
[EventDate "2012.10.05"]
[EventType "team"]
[EventRounds "11"]
[EventCountry "AUT"]
[WhiteTeam "ASK 1"]
[BlackTeam "ATSV Ranshofen"]

1. e4 c6 2. d4 d5 3. Nd2 dxe4 4. Nxe4 Bf5 5. Ng3 Bg6 6. h4 h6 
7. f4 e6 8. Nf3 Nd7 9. h5 Bh7 10. Bd3 Ngf6 11. Bxh7 Nxh7 12. Qe2 Qc7 
13. Bd2 Nhf6 14. O-O-O Be7 15. Ne5 O-O 16. Ne4 c5 17. Nxf6+ Bxf6 18. Nxd7 Qxd7 
19. dxc5 Qd4 20. c3 Qxc5 21. g4 Rfd8 22. Kb1 b5 23. Bc1 a5 24. Qg2 b4 
25. g5 hxg5 26. fxg5 Be5 27. cxb4 axb4 28. g6 Bf6 29. gxf7+ Kxf7 30. Qb7+ Kg8 
31. h6 Qf5+ 32. Ka1 Rdb8 33. Qd7 Rxa2+ 34. Kxa2 b3+ 35. Ka3 Qc5+ 0-1

[Event "2. Bundesliga West 2012/13"]
[Site "Salzburg"]
[Date "2013.03.08"]
[Round "9"]
[Board "3"]
[White "Besner, Bernhard"]
[Black "Konnyu, Janos"]
[Result "1/2-1/2"]
[WhiteElo "2182"]
[BlackElo "2352"]
[PlyCount "59"]
[EventDate "2012.10.05"]
[EventType "team"]
[EventRounds "11"]
[EventCountry "AUT"]
[WhiteTeam "ASK 1"]
[BlackTeam "ATSV Ranshofen"]

1. e4 c6 2. d4 d5 3. exd5 cxd5 4. c4 Nf6 5. Nc3 Nc6 6. Nf3 Be6 
7. c5 g6 8. Bb5 Bg7 9. Ne5 Qc8 10. Qa4 Bd7 11. Bf4 O-O 12. O-O Re8 
13. Rfe1 a6 14. Bxc6 Bxc6 15. Nxc6 bxc6 16. Be5 Nd7 17. Bxg7 Kxg7 18. Re2 e5 
19. Rae1 e4 20. Qc2 f5 21. Qd2 Qc7 22. f3 Nf6 23. b4 Rad8 24. a4 Qb7 
25. Rb1 exf3 26. gxf3 Rxe2 27. Nxe2 Re8 28. Nf4 g5 29. Nd3 h6 30. Re1 1/2-1/2

[Event "2. Bundesliga West 2012/13"]
[Site "Salzburg"]
[Date "2013.03.08"]
[Round "9"]
[Board "4"]
[White "Dovzik, Juri"]
[Black "Harringer, Franz"]
[Result "0-1"]
[WhiteElo "2346"]
[BlackElo "2214"]
[PlyCount "86"]
[EventDate "2012.10.05"]
[EventType "team"]
[EventRounds "11"]
[EventCountry "AUT"]
[WhiteTeam "ATSV Ranshofen"]
[BlackTeam "ASK 1"]

1. e4 Nf6 2. e5 Nd5 3. d4 d6 4. c4 Nb6 5. exd6 cxd6 6. Nc3 g6 
7. Be3 Bg7 8. Rc1 O-O 9. b3 Bf5 10. Nf3 Bg4 11. Be2 d5 12. c5 Nc8 
13. O-O Nc6 14. b4 a6 15. Ne1 Bxe2 16. Nxe2 e6 17. Qd2 Re8 18. f4 h5 
19. Nf3 N8e7 20. Bf2 Nf5 21. Rfd1 f6 22. Rc2 Re7 23. Nh4 Qe8 24. a4 Bh6 
25. Ra2 g5 26. Nxf5 exf5 27. Rb1 Re4 28. Nc3 gxf4 29. Nxd5 Qg6 30. Qd3 Rd8 
31. Nc3 f3 32. Qxf3 Rf4 33. Qh3 Nxd4 34. Ne2 Rf3 35. g3 f4 36. Rf1 fxg3 
37. hxg3 Nf5 38. Qg2 Qg4 39. b5 Be3 40. Bxe3 Rxf1+ 41. Qxf1 Nxe3 42. Qf2 Rd1+ 
43. Kh2 Qe4 0-1

[Event "2. Bundesliga West 2012/13"]
[Site "Salzburg"]
[Date "2013.03.08"]
[Round "9"]
[Board "5"]
[White "Juergens, Klaus"]
[Black "Ager, Josef"]
[Result "1-0"]
[WhiteElo "2170"]
[BlackElo "2170"]
[PlyCount "81"]
[EventDate "2012.10.05"]
[EventType "team"]
[EventRounds "11"]
[EventCountry "AUT"]
[WhiteTeam "ASK 1"]
[BlackTeam "ATSV Ranshofen"]

1. Nf3 g6 2. c4 Bg7 3. Nc3 d6 4. d4 e5 5. Bg5 f6 6. Bd2 Nc6 
7. e3 Nh6 8. d5 Ne7 9. h4 Nf7 10. h5 f5 11. hxg6 hxg6 12. Rxh8+ Bxh8 
13. Qb3 c5 14. dxc6 bxc6 15. e4 Qb6 16. Be3 c5 17. Qxb6 axb6 18. Nb5 Kd7 
19. Ng5 Nxg5 20. Bxg5 Nc6 21. O-O-O Nd4 22. Nxd4 cxd4 23. Bd3 Ke6 24. Rh1 Ba6 
25. exf5+ gxf5 26. Rh6+ Kf7 27. Bxf5 Bxc4 28. b3 Bg7 29. Rxd6 Be2 30. Be6+ Kf8 
31. Rxb6 e4 32. Rb7 Be5 33. Rf7+ Ke8 34. Re7+ Kf8 35. Rf7+ Ke8 36. Re7+ Kf8 
37. Bd5 Rc8+ 38. Kd2 Bf4+ 39. Bxf4 Kxe7 40. Kxe2 Rc2+ 41. Ke1 1-0

[Event "2. Bundesliga West 2012/13"]
[Site "Salzburg"]
[Date "2013.03.08"]
[Round "9"]
[Board "6"]
[White "Riediger, Martin"]
[Black "Loeffler, Christoph"]
[Result "1/2-1/2"]
[WhiteElo "2271"]
[BlackElo "2166"]
[PlyCount "72"]
[EventDate "2012.10.05"]
[EventType "team"]
[EventRounds "11"]
[EventCountry "AUT"]
[WhiteTeam "ATSV Ranshofen"]
[BlackTeam "ASK 1"]

1. c4 e6 2. g3 Nf6 3. Bg2 d5 4. Nf3 Be7 5. O-O O-O 6. d4 dxc4 
7. Qc2 a6 8. Qxc4 b5 9. Qc2 Bb7 10. Bd2 Be4 11. Qc1 Bb7 12. Bg5 Nbd7 
13. a3 c5 14. dxc5 Nxc5 15. Nbd2 Rc8 16. Qb1 h6 17. Be3 Ng4 18. Bxc5 Bxc5 
19. Ne4 Be7 20. h3 Nf6 21. Nxf6+ Bxf6 22. Ng5 hxg5 23. Bxb7 Rb8 24. Bf3 Qd4 
25. Ra2 Rfd8 26. b3 Rbc8 27. Rc2 Rc3 28. Rfc1 Rdc8 29. Rxc3 Rxc3 30. Kg2 a5 
31. Rxc3 Qxc3 32. Qe4 g6 33. Qc6 Qxb3 34. Qa8+ Kg7 35. Qxa5 Bb2 36. Bc6 Bxa3 
1/2-1/2

[Event "2. Bundesliga West 2012/13"]
[Site "Salzburg"]
[Date "2013.03.08"]
[Round "9"]
[Board "1"]
[White "Zelcic, Robert"]
[Black "Krassowizkij, Jaroslaw"]
[Result "1-0"]
[WhiteElo "2554"]
[BlackElo "2404"]
[PlyCount "81"]
[EventDate "2012.10.05"]
[EventType "team"]
[EventRounds "11"]
[EventCountry "AUT"]
[WhiteTeam "Schwarzach"]
[BlackTeam "Goetzis"]

1. e4 c5 2. Nf3 g6 3. d4 cxd4 4. Qxd4 Nf6 5. Nc3 Nc6 6. Qa4 d6 
7. e5 Ng4 8. Bb5 Ngxe5 9. Nxe5 dxe5 10. Bxc6+ bxc6 11. Qxc6+ Bd7 12. Qc5 f6 
13. O-O e6 14. Qe3 Bc6 15. a4 Bb4 16. Rd1 Qe7 17. Ne4 O-O 18. Bd2 Rab8 
19. b3 Bxe4 20. Qxe4 Rfc8 21. h3 Qc5 22. Be3 Qc7 23. Qh4 Bc3 24. Rab1 g5 
25. Qg4 Qe7 26. Rd3 h6 27. Rbd1 Rb7 28. h4 a5 29. Qh5 Kg7 30. Bd2 Bxd2 
31. R1xd2 Qf7 32. Qd1 Rcc7 33. Rd8 f5 34. hxg5 hxg5 35. Qe2 Kf6 36. Qd3 Qh5 
37. Rf8+ Rf7 38. Qd8+ Kg6 39. Rg8+ Rg7 40. Qe8+ Rbf7 41. Qxe6+ 1-0

[Event "2. Bundesliga West 2012/13"]
[Site "Salzburg"]
[Date "2013.03.08"]
[Round "9"]
[Board "2"]
[White "Eisenbeiser, Amadeus"]
[Black "Krstic, Uros"]
[Result "0-1"]
[WhiteElo "2384"]
[BlackElo "2466"]
[PlyCount "138"]
[EventDate "2012.10.05"]
[EventType "team"]
[EventRounds "11"]
[EventCountry "AUT"]
[WhiteTeam "Goetzis"]
[BlackTeam "Schwarzach"]

1. Nf3 d6 2. d4 Bg4 3. e4 Nf6 4. Nc3 e6 5. Be2 Be7 6. Bg5 h6 
7. Be3 d5 8. h3 Bh5 9. exd5 exd5 10. g4 Bg6 11. Ne5 Bh7 12. Qd2 c6 
13. O-O-O Bb4 14. f3 Nbd7 15. a3 Ba5 16. Bd3 Nxe5 17. dxe5 Nd7 18. Bxh7 Rxh7 
19. e6 fxe6 20. Qd3 Nf8 21. Bc5 Rh8 22. Kb1 Qf6 23. Bd4 Qf7 24. Nb5 Qd7 
25. Nxa7 Bc7 26. c4 Kf7 27. h4 Kg8 28. Qe3 e5 29. Bxe5 Bxe5 30. Qxe5 Rxa7 
31. cxd5 cxd5 32. Rxd5 Qe6 33. Qd4 Ra4 34. Qd1 Rf4 35. h5 Qf7 36. Rd3 Rh7 
37. Re1 g6 38. hxg6 Qxg6 39. Ka1 Rhf7 40. Qb3 Qc6 41. Rc3 Qf6 42. Ree3 Kg7 
43. Qd5 Rd4 44. Qb3 Qd6 45. Rc1 Rdf4 46. Rc8 Rd4 47. Rc1 Rd2 48. Re4 Rd3 
49. Rc3 Rxc3 50. Qxc3+ Kg8 51. Qb3 Qc6 52. Ka2 Kg7 53. Qd3 Ng6 54. b4 Rd7 
55. Rd4 Qe6+ 56. Kb1 Rxd4 57. Qxd4+ Kf7 58. Qd3 Ne5 59. Qh7+ Kf8 60. Qxb7 Qb3+ 
61. Kc1 Qxa3+ 62. Kc2 Qd3+ 63. Kc1 Qc3+ 64. Kb1 Nd3 65. Qb8+ Kf7 66. Qb7+ Kf6 
67. Qb6+ Kg5 68. Qe3+ Kh4 69. Qxh6+ Kg3 0-1

[Event "2. Bundesliga West 2012/13"]
[Site "Salzburg"]
[Date "2013.03.08"]
[Round "9"]
[Board "3"]
[White "Brumen, Dinko"]
[Black "Gauss, Gustav"]
[Result "1-0"]
[WhiteElo "2357"]
[BlackElo "2145"]
[PlyCount "87"]
[EventDate "2012.10.05"]
[EventType "team"]
[EventRounds "11"]
[EventCountry "AUT"]
[WhiteTeam "Schwarzach"]
[BlackTeam "Goetzis"]

1. d4 f5 2. Nd2 Nf6 3. Ngf3 d6 4. b3 g6 5. Bb2 Bg7 6. g3 O-O 
7. Bg2 c6 8. O-O Na6 9. c4 Nc7 10. b4 Bd7 11. a4 h6 12. Qb3 Kh7 
13. a5 Rb8 14. Qc2 d5 15. Ne5 Be6 16. a6 Nd7 17. Nxd7 Qxd7 18. axb7 Rxb7 
19. Nb3 Rxb4 20. Nc5 Qc8 21. Rxa7 Rxc4 22. Qd2 Bf7 23. e3 e5 24. Rfa1 Nb5 
25. Nd7 Nxa7 26. Nxf8+ Qxf8 27. Rxa7 exd4 28. exd4 Kg8 29. Bf1 Qb8 30. Qa5 Qxb2 
31. Qc7 Qxd4 32. Qxf7+ Kh7 33. Bxc4 dxc4 34. Rd7 Qa1+ 35. Kg2 Qe5 36. Qxc4 h5 
37. Qxc6 h4 38. Qf3 Qe6 39. Rb7 Kh6 40. gxh4 Be5 41. Rb5 Qd6 42. h5 gxh5 
43. Qe3+ Bf4 44. Rb6 1-0

[Event "2. Bundesliga West 2012/13"]
[Site "Salzburg"]
[Date "2013.03.08"]
[Round "9"]
[Board "4"]
[White "Engelhart, Achim"]
[Black "Hecht, Hans-Joachim"]
[Result "0-1"]
[WhiteElo "2130"]
[BlackElo "2357"]
[PlyCount "66"]
[EventDate "2012.10.05"]
[EventType "team"]
[EventRounds "11"]
[EventCountry "AUT"]
[WhiteTeam "Goetzis"]
[BlackTeam "Schwarzach"]

1. e4 e5 2. Nf3 Nc6 3. Nc3 Nf6 4. Bb5 Bd6 5. d3 a6 6. Ba4 O-O 
7. Bg5 b5 8. Bb3 Be7 9. a3 d6 10. h3 Be6 11. Bxe6 fxe6 12. O-O h6 
13. Bd2 Qe8 14. Nh2 Qg6 15. Rc1 Rad8 16. Ne2 d5 17. exd5 exd5 18. Ng3 Bc5 
19. Ng4 e4 20. Nxf6+ Rxf6 21. Nh5 Rf5 22. Nf4 Qf7 23. g3 g5 24. Ng2 Bxf2+ 
25. Kh2 Rf8 26. Ne3 Bxe3 27. Rxf5 Qxf5 28. Bxe3 d4 29. dxe4 Qxe4 30. Bg1 Ne5 
31. g4 Nf3+ 32. Kg3 Qf4+ 33. Kg2 Nh4+ 0-1

[Event "2. Bundesliga West 2012/13"]
[Site "Salzburg"]
[Date "2013.03.08"]
[Round "9"]
[Board "5"]
[White "Ljubic, Juro"]
[Black "Kranz, Armin"]
[Result "1/2-1/2"]
[WhiteElo "2193"]
[BlackElo "2142"]
[PlyCount "71"]
[EventDate "2012.10.05"]
[EventType "team"]
[EventRounds "11"]
[EventCountry "AUT"]
[WhiteTeam "Schwarzach"]
[BlackTeam "Goetzis"]

1. e4 e5 2. Nf3 Nc6 3. Bc4 Nf6 4. d3 h6 5. O-O d6 6. c3 g6 
7. d4 Qe7 8. Re1 Bg7 9. dxe5 Nxe5 10. Nxe5 dxe5 11. b3 O-O 12. Ba3 c5 
13. Nd2 Rd8 14. Qc2 Bd7 15. Rad1 Bc6 16. f3 h5 17. Nf1 b5 18. Be2 Bf8 
19. c4 a6 20. Bc1 Qb7 21. Ne3 Rac8 22. Nd5 Nxd5 23. exd5 Bd7 24. Bd3 Bg7 
25. Re2 Re8 26. Rde1 Qc7 27. Qd2 f5 28. Bb1 Qd6 29. Bb2 Re7 30. Qg5 Rce8 
31. Qg3 Kh7 32. Bc1 Bf6 33. Bg5 Kg7 34. Bxf6+ Kxf6 35. h4 Kg7 36. Rd2 1/2-1/2

[Event "2. Bundesliga West 2012/13"]
[Site "Salzburg"]
[Date "2013.03.08"]
[Round "9"]
[Board "6"]
[White "Scheffknecht, Philipp"]
[Black "Stoeckl, Norbert"]
[Result "1-0"]
[WhiteElo "2065"]
[BlackElo "2057"]
[PlyCount "79"]
[EventDate "2012.10.05"]
[EventType "team"]
[EventRounds "11"]
[EventCountry "AUT"]
[WhiteTeam "Goetzis"]
[BlackTeam "Schwarzach"]

1. d4 Nf6 2. c4 g6 3. Nc3 d5 4. cxd5 Nxd5 5. Na4 Bg7 6. e4 Nb6 
7. Be3 O-O 8. Rc1 e5 9. d5 f5 10. Nxb6 axb6 11. d6 c5 12. Qd5+ Kh8 
13. Nf3 f4 14. Bd2 Nd7 15. Bc4 Nf6 16. Qd3 Qxd6 17. Qb3 Ne8 18. h4 Nf6 
19. Ng5 Bd7 20. f3 Ba4 21. Qc3 Qe7 22. Ne6 b5 23. Bd5 Nxd5 24. exd5 b6 
25. a3 Bf6 26. b3 b4 27. Qc4 Bxh4+ 28. Ke2 Bxb3 29. Qxb3 Rxa3 30. Qb2 Bf6 
31. Qc2 Rg8 32. Rh6 Qd6 33. Rch1 Ra7 34. Rxg6 Qxd5 35. Rxg8+ Kxg8 36. Qf5 c4 
37. Nxf4 Qd8 38. Qe6+ Kh8 39. Nd5 Ra2 40. Qxf6+ 1-0

[Event "2. Bundesliga West 2012/13"]
[Site "Salzburg"]
[Date "2013.03.09"]
[Round "10"]
[Board "1"]
[White "Wegener, Olaf"]
[Black "Zelcic, Robert"]
[Result "1-0"]
[WhiteElo "2423"]
[BlackElo "2554"]
[PlyCount "111"]
[EventDate "2012.10.05"]
[EventType "team"]
[EventRounds "11"]
[EventCountry "AUT"]
[WhiteTeam "Rochade Rum"]
[BlackTeam "Schwarzach"]

1. e4 c6 2. d4 d5 3. Nc3 dxe4 4. Nxe4 Bf5 5. Ng3 Bg6 6. h4 h6 
7. Nf3 e6 8. Ne5 Bh7 9. Bd3 Bxd3 10. Qxd3 Nd7 11. f4 Ne7 12. Be3 Nd5 
13. O-O-O Nb4 14. Qe2 Nxa2+ 15. Kb1 Nb4 16. Bd2 Nxe5 17. dxe5 Qb6 18. Bxb4 Bxb4 
19. Rd3 O-O 20. Nh5 Kh8 21. Qg4 Rg8 22. f5 exf5 23. Qxf5 Rad8 24. Rb3 a5 
25. Qxf7 Rdf8 26. Qg6 Qc7 27. Qe4 Qf7 28. g4 Qd5 29. Qxd5 cxd5 30. c3 Bc5 
31. Rxb7 d4 32. Rb5 Rc8 33. cxd4 Bxd4 34. Rd1 Rc5 35. Rxc5 Bxc5 36. Nf4 g5 
37. Ne6 Be3 38. h5 Re8 39. Rd8 Rxd8 40. Nxd8 Kg7 41. Kc2 a4 42. Kd3 Bc1 
43. Kc3 Be3 44. Kb4 Bc1 45. Ka3 Kf8 46. Ne6+ Ke7 47. Nc5 Be3 48. Nd3 Ke6 
49. Kxa4 Bd4 50. b4 Kd5 51. b5 Bb6 52. Kb4 Bc7 53. Kc3 Ba5+ 54. Kc2 Bc7 
55. Kd2 Bd8 56. Nb4+ 1-0

[Event "2. Bundesliga West 2012/13"]
[Site "Salzburg"]
[Date "2013.03.09"]
[Round "10"]
[Board "2"]
[White "Krstic, Uros"]
[Black "Heinzel, Olaf"]
[Result "1/2-1/2"]
[WhiteElo "2466"]
[BlackElo "2363"]
[PlyCount "64"]
[EventDate "2012.10.05"]
[EventType "team"]
[EventRounds "11"]
[EventCountry "AUT"]
[WhiteTeam "Schwarzach"]
[BlackTeam "Rochade Rum"]

1. e4 d5 2. exd5 Qxd5 3. Nf3 Nf6 4. Be2 g6 5. O-O Bg7 6. h3 O-O 
7. c4 Qd6 8. d4 c5 9. dxc5 Qxd1 10. Rxd1 Ne4 11. Nd4 Nxc5 12. Nc3 e5 
13. Ndb5 Nc6 14. b3 Nd4 15. Ba3 b6 16. Nxd4 exd4 17. Nb5 Bb7 18. Rac1 Rfd8 
19. Bxc5 bxc5 20. Rc2 Rd7 21. Nc3 Rad8 22. Nd5 Bxd5 23. cxd5 Rxd5 24. Bd3 Re8 
25. Kf1 Bf8 26. Re1 Rde5 27. Rxe5 Rxe5 28. Re2 Rxe2 29. Kxe2 f5 30. f4 Kf7 
31. Kf3 Kf6 32. g4 h6 1/2-1/2

[Event "2. Bundesliga West 2012/13"]
[Site "Salzburg"]
[Date "2013.03.09"]
[Round "10"]
[Board "3"]
[White "Hengl, Christian"]
[Black "Brumen, Dinko"]
[Result "1-0"]
[WhiteElo "2231"]
[BlackElo "2357"]
[PlyCount "69"]
[EventDate "2012.10.05"]
[EventType "team"]
[EventRounds "11"]
[EventCountry "AUT"]
[WhiteTeam "Rochade Rum"]
[BlackTeam "Schwarzach"]

1. e4 c5 2. Nf3 Nc6 3. d4 cxd4 4. Nxd4 e5 5. Nb5 d6 6. N1c3 a6 
7. Na3 b5 8. Nd5 Nce7 9. c4 Nxd5 10. exd5 Nf6 11. Be2 Be7 12. O-O bxc4 
13. Nxc4 O-O 14. Be3 Rb8 15. a4 Bb7 16. Nb6 Nd7 17. a5 f5 18. Rc1 f4 
19. Bg4 Nf6 20. Be6+ Kh8 21. Bd2 Qe8 22. Rc4 f3 23. g3 Qh5 24. Bc3 g5 
25. Qd3 Rg8 26. Rd1 Rg6 27. h3 Rf8 28. Rc7 g4 29. h4 Nxd5 30. Rxe7 Nxe7 
31. Qxd6 Rxe6 32. Qxe6 Ng6 33. Rd7 Bc8 34. Nxc8 Rxc8 35. Qf6+ 1-0

[Event "2. Bundesliga West 2012/13"]
[Site "Salzburg"]
[Date "2013.03.09"]
[Round "10"]
[Board "4"]
[White "Hecht, Hans-Joachim"]
[Black "Hoellrigl, Wilfried"]
[Result "1-0"]
[WhiteElo "2357"]
[BlackElo "2199"]
[PlyCount "81"]
[EventDate "2012.10.05"]
[EventType "team"]
[EventRounds "11"]
[EventCountry "AUT"]
[WhiteTeam "Schwarzach"]
[BlackTeam "Rochade Rum"]

1. d4 Nf6 2. c4 g6 3. Nc3 d5 4. Nf3 Bg7 5. Qb3 dxc4 6. Qxc4 O-O 
7. Bf4 c6 8. e4 b5 9. Qb3 Qa5 10. Bd3 Be6 11. Qc2 Na6 12. Qd2 Rfd8 
13. O-O Rac8 14. a3 Bg4 15. b4 Qb6 16. Be3 Bxf3 17. gxf3 Qb7 18. e5 Nd5 
19. Nxd5 Rxd5 20. Be4 Rdd8 21. f4 Nc7 22. Rfc1 Nd5 23. a4 e6 24. axb5 cxb5 
25. Rxc8 Rxc8 26. Qa2 Rc7 27. Bxd5 exd5 28. Qa6 Bf8 29. Qxb7 Rxb7 30. Bd2 Rc7 
31. Ra5 Rb7 32. Kg2 Be7 33. Kf3 Bd8 34. Ra2 Bb6 35. Rc2 Rc7 36. Rxc7 Bxc7 
37. f5 Kf8 38. Kg4 Bd8 39. f6 Bb6 40. Bc3 Kg8 41. f4 1-0

[Event "2. Bundesliga West 2012/13"]
[Site "Salzburg"]
[Date "2013.03.09"]
[Round "10"]
[Board "5"]
[White "Jedinger, Andreas"]
[Black "Ljubic, Juro"]
[Result "0-1"]
[WhiteElo "2174"]
[BlackElo "2193"]
[PlyCount "96"]
[EventDate "2012.10.05"]
[EventType "team"]
[EventRounds "11"]
[EventCountry "AUT"]
[WhiteTeam "Rochade Rum"]
[BlackTeam "Schwarzach"]

1. e4 c5 2. Nf3 d6 3. d4 cxd4 4. Nxd4 Nf6 5. Nc3 g6 6. Be3 Bg7 
7. f3 Nc6 8. Qd2 O-O 9. g4 Be6 10. Nxe6 fxe6 11. O-O-O Ne5 12. Be2 Qa5 
13. h4 Rac8 14. h5 Nc4 15. Bxc4 Rxc4 16. hxg6 hxg6 17. Bh6 Rf7 18. Bxg7 Rxg7 
19. Kb1 Qc5 20. Ne2 Qe5 21. b3 Rc8 22. c4 Rh7 23. Rxh7 Nxh7 24. Qf4 Qxf4 
25. Nxf4 Kf7 26. Nd3 e5 27. c5 Ng5 28. cxd6 exd6 29. Nb4 Ke6 30. Rd3 Rf8 
31. Rc3 Rxf3 32. Rc7 a5 33. Nd5 Nxe4 34. Nb6 Rf2 35. Rg7 Kf6 36. Rxb7 Nc3+ 
37. Kc1 Nxa2+ 38. Kb1 Nc3+ 39. Kc1 e4 40. Rc7 Na2+ 41. Kd1 Nb4 42. Rd7 Ke6 
43. Rg7 d5 44. Rxg6+ Ke5 45. g5 e3 46. Rf6 Rd2+ 47. Ke1 Nd3+ 48. Kf1 e2+ 
0-1

[Event "2. Bundesliga West 2012/13"]
[Site "Salzburg"]
[Date "2013.03.09"]
[Round "10"]
[Board "6"]
[White "Stoeckl, Norbert"]
[Black "Muehlbacher, Bernhard"]
[Result "0-1"]
[WhiteElo "2057"]
[BlackElo "2068"]
[PlyCount "72"]
[EventDate "2012.10.05"]
[EventType "team"]
[EventRounds "11"]
[EventCountry "AUT"]
[WhiteTeam "Schwarzach"]
[BlackTeam "Rochade Rum"]

1. e4 c5 2. Nf3 e6 3. d4 cxd4 4. Nxd4 a6 5. Bd3 Nf6 6. c4 Qc7 
7. O-O Nc6 8. Nc2 Ne5 9. Bf4 d6 10. Ne3 Be7 11. Nc3 O-O 12. Be2 b6 
13. Bg3 Bb7 14. f4 Ned7 15. Qc2 Rac8 16. Rac1 Qb8 17. Rfd1 Rfd8 18. Qb1 Qa8 
19. Bf3 Nc5 20. Rd4 Ne8 21. b4 Nd7 22. Qb3 Bf6 23. Rd3 Bxc3 24. Rcxc3 Bxe4 
25. Bxe4 Qxe4 26. Qa4 a5 27. a3 axb4 28. axb4 Ra8 29. Qd1 Ra2 30. Rd4 Qa8 
31. Nc2 Rc8 32. Bh4 h6 33. Rg3 d5 34. f5 exf5 35. Rxd5 Rxc2 36. Qxc2 Qxd5 
0-1

[Event "2. Bundesliga West 2012/13"]
[Site "Salzburg"]
[Date "2013.03.09"]
[Round "10"]
[Board "1"]
[White "Bayer, Bernhard"]
[Black "Roth, Peter"]
[Result "1-0"]
[WhiteElo "2449"]
[BlackElo "2226"]
[PlyCount "53"]
[EventDate "2012.10.05"]
[EventType "team"]
[EventRounds "11"]
[EventCountry "AUT"]
[WhiteTeam "Schwaz"]
[BlackTeam "ASK 1"]

1. Nf3 Nf6 2. g3 b5 3. Bg2 Bb7 4. O-O e6 5. d3 Be7 6. e4 d5 
7. e5 Nfd7 8. Re1 c5 9. h4 h6 10. Nbd2 Nc6 11. Nf1 Qc7 12. Bf4 O-O-O 
13. c3 Rdg8 14. h5 g5 15. hxg6 fxg6 16. d4 g5 17. Be3 c4 18. g4 Nf8 
19. Ng3 Ng6 20. Nh5 Qd8 21. b3 Qf8 22. bxc4 bxc4 23. Rb1 Nf4 24. Bxf4 gxf4 
25. Nh2 Rh7 26. Rxb7 Kxb7 27. Qb1+ 1-0

[Event "2. Bundesliga West 2012/13"]
[Site "Salzburg"]
[Date "2013.03.09"]
[Round "10"]
[Board "2"]
[White "Besner, Bernhard"]
[Black "Deglmann, Ludwig"]
[Result "1/2-1/2"]
[WhiteElo "2182"]
[BlackElo "2323"]
[PlyCount "59"]
[EventDate "2012.10.05"]
[EventType "team"]
[EventRounds "11"]
[EventCountry "AUT"]
[WhiteTeam "ASK 1"]
[BlackTeam "Schwaz"]

1. e4 c5 2. c3 e6 3. d4 d5 4. exd5 exd5 5. Bb5+ Nc6 6. Nf3 Bd6 
7. dxc5 Bxc5 8. O-O Nge7 9. Nbd2 O-O 10. Nb3 Bb6 11. Nbd4 Qd6 12. Bd3 Nxd4 
13. Nxd4 Bxd4 14. cxd4 Bf5 15. Re1 Bxd3 16. Qxd3 Nc6 17. Be3 Rac8 18. Rac1 Qb4 
19. a3 Qd6 20. Qf5 Qe6 21. Qd3 Rfe8 22. Bd2 Qd7 23. b4 Rxe1+ 24. Rxe1 Ne7 
25. h3 a6 26. b5 axb5 27. Bb4 Ng6 28. g3 h5 29. h4 Re8 30. Rxe8+ 1/2-1/2

[Event "2. Bundesliga West 2012/13"]
[Site "Salzburg"]
[Date "2013.03.09"]
[Round "10"]
[Board "3"]
[White "Fuchs, Georg"]
[Black "Harringer, Franz"]
[Result "0-1"]
[WhiteElo "2308"]
[BlackElo "2214"]
[PlyCount "84"]
[EventDate "2012.10.05"]
[EventType "team"]
[EventRounds "11"]
[EventCountry "AUT"]
[WhiteTeam "Schwaz"]
[BlackTeam "ASK 1"]

1. e4 Nf6 2. e5 Nd5 3. d4 d6 4. c4 Nb6 5. exd6 cxd6 6. Nc3 g6 
7. Bd3 Bg7 8. Nge2 O-O 9. b3 e5 10. d5 f5 11. O-O N8d7 12. f4 Re8 
13. a4 Nc5 14. Bc2 a5 15. Rb1 Bd7 16. Be3 Na6 17. fxe5 Bxe5 18. Qd2 Rc8 
19. Bg5 Qc7 20. Kh1 Nb4 21. Rf3 Bg7 22. Rbf1 Nxc2 23. Qxc2 Qc5 24. Qd2 Qb4 
25. Be3 Qxb3 26. Rb1 Qxc4 27. Bxb6 Bxa4 28. Bxa5 Qa6 29. Bb4 Rc4 30. Qa2 Rxb4 
31. Rxb4 Bxc3 32. Rxc3 Rxe2 33. Rc8+ Be8 34. Qb1 Qd3 35. Rxb7 Qxd5 36. Rxe8+ Rxe8 
37. h3 Re2 38. Rb8+ Kg7 39. Qa1+ Kh6 40. Qc1+ g5 41. Qf1 Qe4 42. Kh2 Qe5+ 
0-1

[Event "2. Bundesliga West 2012/13"]
[Site "Salzburg"]
[Date "2013.03.09"]
[Round "10"]
[Board "4"]
[White "Juergens, Klaus"]
[Black "Blaas, Hansjoerg"]
[Result "0-1"]
[WhiteElo "2170"]
[BlackElo "2259"]
[PlyCount "94"]
[EventDate "2012.10.05"]
[EventType "team"]
[EventRounds "11"]
[EventCountry "AUT"]
[WhiteTeam "ASK 1"]
[BlackTeam "Schwaz"]

1. Nf3 c5 2. c4 Nc6 3. d4 cxd4 4. Nxd4 g6 5. e4 Bg7 6. Be3 Nf6 
7. Nc3 Ng4 8. Qxg4 Nxd4 9. Qd1 Nc6 10. Rc1 d6 11. Be2 O-O 12. O-O Be6 
13. f4 f5 14. exf5 gxf5 15. Re1 Qd7 16. Bf2 Rad8 17. b3 Bf7 18. Bf3 e6 
19. Bh4 Rde8 20. Nb5 d5 21. Bf2 a6 22. Nd4 e5 23. fxe5 Rxe5 24. Rxe5 Nxe5 
25. Bxd5 Bxd5 26. cxd5 Qxd5 27. Rc7 Nc6 28. Qf3 Qd6 29. Rxg7+ Kxg7 30. Nxc6 bxc6 
31. Qc3+ Kg8 32. Bc5 Qd1+ 33. Kf2 Rd8 34. Be3 Qd5 35. Qf6 Rd6 36. Qh4 Re6 
37. g3 Qd6 38. Qc4 Qe5 39. Qd3 Qe4 40. Qd8+ Kf7 41. Qd2 Re5 42. Qd7+ Re7 
43. Qd2 Qh1 44. h4 Qh2+ 45. Kf3 Qxd2 46. Bxd2 Re4 47. b4 Ke6 0-1

[Event "2. Bundesliga West 2012/13"]
[Site "Salzburg"]
[Date "2013.03.09"]
[Round "10"]
[Board "5"]
[White "Gruber, Michael"]
[Black "Loeffler, Christoph"]
[Result "0-1"]
[WhiteElo "2155"]
[BlackElo "2166"]
[PlyCount "74"]
[EventDate "2012.10.05"]
[EventType "team"]
[EventRounds "11"]
[EventCountry "AUT"]
[WhiteTeam "Schwaz"]
[BlackTeam "ASK 1"]

1. e4 c6 2. d4 d5 3. exd5 cxd5 4. Bd3 Nc6 5. c3 Nf6 6. Bg5 Bg4 
7. Ne2 e6 8. Qb3 Bxe2 9. Bxe2 Qc7 10. Nd2 Bd6 11. Nf3 Ne4 12. Bh4 O-O 
13. Bg3 f5 14. Bxd6 Qxd6 15. Bb5 Qf4 16. Qd1 Ne7 17. Qc1 Qg4 18. O-O Ng6 
19. h3 Qh5 20. Re1 Rf6 21. Be2 f4 22. Bd3 Ng5 23. Nxg5 Qxg5 24. Kh2 Nh4 
25. Rg1 Raf8 26. Qd2 Qh5 27. Rae1 Rh6 28. Qe2 Qxe2 29. Bxe2 f3 30. Bf1 fxg2 
31. Bxg2 Rxf2 32. Kg3 Rxb2 33. Rb1 Rc2 34. Rxb7 Rxc3+ 35. Kh2 Nxg2 36. Rf1 Rhxh3+ 
37. Kxg2 Rcg3+ 0-1